Wearing rams’ horns for the olive harvest: A Tunisian practice in decline (notice n° 1643926)

détails MARC
000 -LEADER
fixed length control field 01840cam a2200157 4500500
005 - DATE AND TIME OF LATEST TRANSACTION
control field 20260208000728.0
041 ## - LANGUAGE CODE
Language code of text/sound track or separate title fre
042 ## - AUTHENTICATION CODE
Authentication code dc
100 10 - MAIN ENTRY--PERSONAL NAME
Personal name Ben Barka, Ismahen
Relator term author
245 00 - TITLE STATEMENT
Title Wearing rams’ horns for the olive harvest: A Tunisian practice in decline
260 ## - PUBLICATION, DISTRIBUTION, ETC.
Date of publication, distribution, etc. 2026.<br/>
500 ## - GENERAL NOTE
General note 41
520 ## - SUMMARY, ETC.
Summary, etc. This article examines the practice of rams’ horns being worn on the finger as a traditional tool during the olive harvest in Tunisia. It analyses different aspects of the practice, particularly the immateriality underlying the horns’ materiality. This research is inspired by the lack of interest hitherto in traditional tools and the various dimensions associated with them, in particular from an anthropological perspective. Drawing on fieldwork, this article is intended as an anthropological reading based on ethnographic insights and specific historical facts. The preparation of the horns as well as their use is a type of knowledge that is handed down in families and also a seasonal craft that is practiced in numerous regions in Tunisia. The horns go through different stages before they are transformed into a tool for the harvest, used in harmony with the harvester’s hand, their principal (biological) tool. The practice integrates natural and social aspects with biological and cultural ones, alongside the symbolic nature of horns as well. Sadly, this use of horns for the olive harvest is slowly disappearing, one region after the other, and can now only be found in a small number of olive farms. This study can thus also be regarded as a way of preserving this cultural feature threatened with extinction.
786 0# - DATA SOURCE ENTRY
Note Civilisations | - | 1 | 2026-01-28 | p. 191-202 | 0009-8140
856 41 - ELECTRONIC LOCATION AND ACCESS
Uniform Resource Identifier <a href="https://shs.cairn.info/journal-civilisations-2024-1-page-191?lang=en&redirect-ssocas=7080">https://shs.cairn.info/journal-civilisations-2024-1-page-191?lang=en&redirect-ssocas=7080</a>

Pas d'exemplaire disponible.

PLUDOC

PLUDOC est la plateforme unique et centralisée de gestion des bibliothèques physiques et numériques de Guinée administré par le CEDUST. Elle est la plus grande base de données de ressources documentaires pour les Étudiants, Enseignants chercheurs et Chercheurs de Guinée.

Adresse

627 919 101/664 919 101

25 boulevard du commerce
Kaloum, Conakry, Guinée

Réseaux sociaux

Powered by Netsen Group @ 2025